The International Journal of Environmental Sustainability

Saved in:
Bibliographic Details
Format: Serial
Language:English
Published: Champaign Common Ground Research Networks
Tags: Add Tag
No Tags, Be the first to tag this record!

MARC

LEADER 00000nas1a2200000 4500
001 0315057
005 20260219085248.4
022 |a 2325-1166 
022 |a 2325-1182 
041 0 |a eng 
044 |a US 
245 1 0 |a The International Journal of Environmental Sustainability 
264 1 |a Champaign  |b Common Ground Research Networks